Investigacion y Universidad en Colombia (Registro nro. 220995)

Detalles MARC
001 - NÚMERO DE CONTROL
campo de control 710866
005 - FECHA Y HORA DE LA ÚLTIMA TRANSACCIÓN
campo de control 20240621085823.0
008 - DATOS DE LONGITUD FIJA--INFORMACIÓN GENERAL
campo de control de longitud fija 011205s1999 spa
035 ## - NÚMERO DE CONTROL DEL SISTEMA
Número de control de sistema 710866
035 ## - NÚMERO DE CONTROL DEL SISTEMA
Número de control de sistema (OCoLC)819926770
040 ## - FUENTE DE LA CATALOGACIÓN
Centro/agencia transcriptor comduadb
041 ## - CÓDIGO DE LENGUA
Código de lengua del texto/banda sonora o título independiente spa
100 10 - ENTRADA PRINCIPAL--NOMBRE DE PERSONA
Nombre de persona Dueñas Sanchez, Henry
Código de función aut
Término indicativo de función/relación Autor/a
9 (RLIN) 512840
245 10 - MENCIÓN DE TÍTULO
Título Investigacion y Universidad en Colombia
650 ## - PUNTO DE ACCESO ADICIONAL DE MATERIA--TÉRMINO DE MATERIA
Término de materia o nombre geográfico como elemento de entrada Universidad e industria
9 (RLIN) 51978
650 ## - PUNTO DE ACCESO ADICIONAL DE MATERIA--TÉRMINO DE MATERIA
Término de materia o nombre geográfico como elemento de entrada Universidad e investigación
9 (RLIN) 8482
650 ## - PUNTO DE ACCESO ADICIONAL DE MATERIA--TÉRMINO DE MATERIA
Término de materia o nombre geográfico como elemento de entrada Gestión de tecnología
9 (RLIN) 125635
650 #7 - PUNTO DE ACCESO ADICIONAL DE MATERIA--TÉRMINO DE MATERIA
Término de materia o nombre geográfico como elemento de entrada Cambio cultural
Fuente del encabezamiento o término lemb
9 (RLIN) 2234
650 #7 - PUNTO DE ACCESO ADICIONAL DE MATERIA--TÉRMINO DE MATERIA
Término de materia o nombre geográfico como elemento de entrada Ciencia y tecnología
Fuente del encabezamiento o término lemb
9 (RLIN) 44988
650 #7 - PUNTO DE ACCESO ADICIONAL DE MATERIA--TÉRMINO DE MATERIA
Término de materia o nombre geográfico como elemento de entrada Innovaciones tecnológicas
Fuente del encabezamiento o término lemb
9 (RLIN) 4465
773 0# - ENLACE AL DOCUMENTO FUENTE/ENTRADA DE REGISTRO ANFITRIÓN
Título Revista Universidad Católica de Oriente (Rionegro)
Parte(s) relacionada(s) Volumen 09, Número 12, 1999, p. 35-42
Número de control del registro 184558
Número Internacional Normalizado para Publicaciones Seriadas 0121-1463
Número bibliográfico anfitrión 88099
942 ## - ELEMENTOS DE ENTRADA AGREGADA (KOHA)
Tipo de ítem Koha Artículo de Revista

No hay ítems disponibles.